The Barrel of a gun : Political power in Africa and the Coup d'État
Αποθηκεύτηκε σε:
| Κύριος συγγραφέας: | |
|---|---|
| Μορφή: | Βιβλίο |
| Γλώσσα: | Undetermined |
| Έκδοση: |
Australia
Penguin Books
1970
|
| Θέματα: | |
| Ετικέτες: |
Προσθήκη ετικέτας
Δεν υπάρχουν, Καταχωρήστε ετικέτα πρώτοι!
|
| Thư viện lưu trữ: | Trung tâm Học liệu Trường Đại học Cần Thơ |
|---|
| LEADER | 00540nam a2200205Ia 4500 | ||
|---|---|---|---|
| 001 | CTU_78013 | ||
| 008 | 210402s9999 xx 000 0 und d | ||
| 082 | |a 322.5 | ||
| 082 | |b F527 | ||
| 100 | |a First, Ruth | ||
| 245 | 4 | |a The Barrel of a gun : | |
| 245 | 0 | |b Political power in Africa and the Coup d'État | |
| 245 | 0 | |c Ruth First | |
| 260 | |a Australia | ||
| 260 | |b Penguin Books | ||
| 260 | |c 1970 | ||
| 650 | |a Coups d'État | ||
| 650 | |z Africa | ||
| 904 | |i Mai Loan | ||
| 980 | |a Trung tâm Học liệu Trường Đại học Cần Thơ | ||